000 01008 a2200241 4500
999 _c11229
_d11229
020 _a9780323066556 (pbk. : alk. paper)
050 0 0 _aRT98
_bSTA 2010
100 1 _aStanhope, Marcia.
_eauthor
245 1 0 _aFoundations of nursing in the community :
_bcommunity-oriented practice /
_cMarcia Stanhope, Jeanette Lancaster.
250 _athird edition
264 _aMissouri:
_bElsevier,
_c2010
300 _axv, 732 pages
_billustrations(some coloured), map ;
336 _2rdacontent
_atext
_btxt
337 _2rdamedia
_aunmediated
_bn
338 _2rdacarrier
_avolume
_bnc
504 _aIncludes bibliographical references and index.
650 0 _aCommunity health nursing.
650 1 2 _aCommunity Health Nursing.
650 2 2 _aCommunity Health Services.
700 1 _aLancaster, Jeanette.
_eauthor
942 _2lcc
_cBK
_ethird edition
_h98
_iSTA
_kRT